• 首页
  • 本馆介绍
  • 公告通知
  • 最新文献
  • 馆藏检索
  • 电子资源
  • 读者导购
  • 参考咨询
  • 我的图书馆
  • 登录
  • 详细信息显示
  • 放入我的书架
  • 预约/预借图书
  • 作者相关作品
  • 分类相关作品
  • 丛书相关作品
  • 出版社相关作品

书目信息

  • 表格格式
  • 工作单格式
  • 卡片格式
题名:
中国古典诗文名句赏析辞典
    
 
作者: 黄金贵 主编
分册:  
出版信息: 北京   商务印书馆国际有限公司  2018
页数: 831页
开本: 22cm
丛书名:
单 册:
中图分类: I207.227.2-61 , I207.62-61
科图分类:
主题词: 诗歌欣赏--古典诗歌--gu dian shi ge--中国--词典 , 文学欣赏--古典散文--gu dian san wen--中国--词典
电子资源:
ISBN: 978-7-5176-0526-3
000 01031nam0 2200265 450
001 012001006237
005 20131016095025.0
010    @a978-7-5176-0526-3@b精装@dCNY68.00
099    @aCAL 012018029822
100    @a20180328d2018 em y0chiy50 ea
101 0  @achi
102    @aCN@b110000
105    @ay z 000yy
106    @ar
200 1  @a中国古典诗文名句赏析辞典@Azhong guo gu dian shi wen ming ju shang xi ci dian@f主编黄金贵
210    @a北京@c商务印书馆国际有限公司@d2018
215    @a831页@d22cm
330    @a本书收录古典名句近3000句,均为我国古典诗文中脍炙人口的美言妙语,思想内容与语言形式俱佳。每句设“注、译、评”予以清晰解读。涉及政治、规律、时节、花卉、家庭、教育、学习、修身、处事、心志等11个篇目。
606 0  @x诗歌欣赏@a古典诗歌@Agu dian shi ge@y中国@j词典
606 0  @x文学欣赏@a古典散文@Agu dian san wen@y中国@j词典
690    @aI207.227.2-61@v5
690    @aI207.62-61@v5
701  0 @a黄金贵@Ahuang jin gui@4主编
801  2 @aCN@b上海新华@c20191020
905    @b1099180-3@dI207.227.2-61@e1163@f4
    
    中国古典诗文名句赏析辞典/主编黄金贵.-北京:商务印书馆国际有限公司,2018
    831页;22cm
    
    
    ISBN 978-7-5176-0526-3(精装):CNY68.00
    本书收录古典名句近3000句,均为我国古典诗文中脍炙人口的美言妙语,思想内容与语言形式俱佳。每句设“注、译、评”予以清晰解读。涉及政治、规律、时节、花卉、家庭、教育、学习、修身、处事、心志等11个篇目。
●
相关链接 在E读中查询图书 在五车中查询图书 在当当中查询图书 在豆瓣中查询图书


正题名:中国古典诗文名句赏析辞典     索取号:I207.227.2-61/1163         预约/预借

序号 登录号 条形码 馆藏地/架位号 状态 备注
1 1099180   210991809   第一样本阅览室/ [索取号:I207.227.2-61/1163] 在馆    
2 1099181   210991818   第二借阅区/ [索取号:I207.227.2-61/1163] 在馆    
3 1099182   210991827   第二借阅区/ [索取号:I207.227.2-61/1163] 在馆    
4 1099183   210991836   第二借阅区/ [索取号:I207.227.2-61/1163] 在馆    
唐山师范学院图书馆 欢迎您!
大连网信软件有限公司© 版权所有